000 00512nmm a2200157Ia 4500
008 251105s9999||||xx |||||||||||||||||und||
041 _aspa
100 _aLizán Tudela, Luis (ed.lit)
245 0 _aInvestigación, desarrollo e innovación en salud en España : ¿desafíos y oportunidades?
264 _a[Madrid, España] :
_bUniversitat Jaume I,
_c2013
300 _a788 páginas
490 _aUNiversitas
650 _aMedicine
856 _uhttps://public.digitaliapublishing.com/a/20995
942 _cCF
999 _c100916
_d100916